شخصيات في التاريخ / (رقم التسجيلة. 60937)

تفاصيل مارك
000 -LEADER
fixed length control field 00467nam a22001697a 4500
005 - DATE AND TIME OF LATEST TRANSACTION
control field 20251108171252.0
008 - FIXED-LENGTH DATA ELEMENTS--GENERAL INFORMATION
fixed length control field 250721s2001 xx 000 0 ara d
082 14 - DEWEY DECIMAL CLASSIFICATION NUMBER
Classification number 920/شوا
100 1# - MAIN ENTRY--PERSONAL NAME
Personal name الشوابكة، ماجد
245 10 - TITLE STATEMENT
Title شخصيات في التاريخ /
264 1# - PRODUCTION, PUBLICATION, DISTRIBUTION, MANUFACTURE, AND COPYRIGHT NOTICE
Place of production, publication, distribution, manufacture عمان :
Name of producer, publisher, distributor, manufacturer المؤسسة الثلاثية،
Date of production, publication, distribution, manufacture, or copyright notice 2001.
300 ## - PHYSICAL DESCRIPTION
Extent 35ص.
650 17 - SUBJECT ADDED ENTRY--TOPICAL TERM
Topical term or geographic name as entry element التراجم
700 1# - ADDED ENTRY--PERSONAL NAME
Personal name يوسف، مصطفى
942 ## - ADDED ENTRY ELEMENTS (KOHA)
Source of classification or shelving scheme Dewey Decimal Classification
Koha item type كتب
المقتنيات
حالة السحب حالة الفقدان مصدر التصنيف حالة التلف غير قابل للإعارة المكتبة الرئيسية المكتبة الحالية موقع الرف تاريخ التزويد الرقم المتسلسل Total Checkouts رقم الإستدعاء تاريخ آخر ظهور تاريخ الفاتورة نوع المادة (كوها) الباركود
    Dewey Decimal Classification     مكتبة أم قصير والمقابلين العامة مكتبة أم قصير والمقابلين العامة الإعارة 01/10/2014 477943   920/شوا 28/07/2025 01/10/2014 كتب PLD00348557
    Dewey Decimal Classification Unchecked   مكتبة الاميرة بديعة مكتبة الاميرة بديعة الأطفال 28/07/2025 477938   920/شوا 28/07/2025 28/07/2025 كتب  
    Dewey Decimal Classification     مكتبة الحسن العامة مكتبة الحسن العامة الإعارة 24/02/2009 477940   920/شوا 28/07/2025 24/02/2009 كتب PLD00074836
    Dewey Decimal Classification     مكتبة النصر العامة مكتبة النصر العامة الأطفال 16/05/2015 477946   920/شوا 28/07/2025 16/05/2015 كتب PLD00388941
    Dewey Decimal Classification   Not For Loan مكتبة تاريخ الأردن مكتبة تاريخ الأردن لا يعار 14/11/2009 1335274   920/شوا 28/07/2025 14/11/2009 كتب PLD00119400
    Dewey Decimal Classification     مكتبة وادي السير العامة مكتبة وادي السير العامة الإعارة 28/07/2025 477945   920/شوا 28/07/2025 28/07/2025 كتب 477945
Implemented & Customized by: BBB with SCIT (Smart Chains for Information Technology)

Powered by Koha